| 000 | 00579nam a22001697a 4500 | ||
|---|---|---|---|
| 003 | OSt | ||
| 005 | 20260323135457.0 | ||
| 008 | 260323b |||||||| |||| 00| 0 eng d | ||
| 020 | _a9781360041742 | ||
| 040 | _cIPL | ||
| 100 | _aNewman, John Henry | ||
| 245 |
_aDiscourses on the Scope and Nature of University Education: _baddressed to the catholics of Dublin in Ireland/ |
||
| 260 |
_aNew Delhi: _bLittlerock, _c2003. |
||
| 300 |
_axxx, 449p.: _bill.; _c20cm. |
||
| 504 | _aIncludes bibliographical references and index. | ||
| 942 |
_2lcc _hLB 2322 .N5 2003 _cBOOKS |
||
| 999 |
_c32378 _d32378 |
||